• 首页
  • 本馆介绍
  • 公告通知
  • 最新文献
  • 馆藏检索
  • 电子资源
  • 读者导购
  • 参考咨询
  • 我的图书馆
  • 登录
  • 详细信息显示
  • 放入我的书架
  • 预约/预借图书
  • 作者相关作品
  • 分类相关作品
  • 丛书相关作品
  • 出版社相关作品

书目信息

  • 表格格式
  • 工作单格式
  • 卡片格式
题名:
超限战与反超限战
    
 
作者: 乔良 , 王湘穗 著
分册:  
出版信息: 武汉   长江文艺出版社  2016
页数: 62,271;191页
开本: 23cm
丛书名:
单 册:
中图分类: E81
科图分类:
主题词: 军事战略--jun shi zhan lue--研究
电子资源:
ISBN: 978-7-5354-8740-7
000 01221nam0 22002771 450
001 0115101200
005 20170415101200.0
010    @a978-7-5354-8740-7@dCNY45.00
100    @a20160905d2016 em y0chiy50 ea
101 0  @achi
102    @aCN@b420000
105    @ay z 000yy
106    @ar
200 1  @a超限战与反超限战@Achao xian zhan yu fan chao xian zhan@e中国人提出的新战争观美国人如何应对@f乔良,王湘穗著
210    @a武汉@c长江文艺出版社@d2016
215    @a62,271;191页@d23cm
312    @a封面英文题名:Transfinite war and anti-transfiinite war
330    @a本书分两部分。第一部分立足已经发生的战争,提出了“超限战”的概念,详细阐述了“超限战”的提出背景、逻辑原理、使用原则以及对未来的意义。第二部分在详细阐述“超限战”的基础上,介绍了如何从网络、资源、经济和金融等方面应对“超限战”。
510 1  @aTransfinite war and anti-transfiinite war@zeng
517 1  @a中国人提出的新战争观美国人如何应对@Azhong guo ren ti chu de xin zhan zheng guan mei guo ren ru he ying dui
606 0  @a军事战略@Ajun shi zhan lue@x研究
690    @aE81@v5
701  0 @a乔良@Aqiao liang@f(1955~)@4著
701  0 @a王湘穗@Awang xiang sui@f(1954~)@4著
801  0 @aCN@bTANGWEI@c20170308
905    @b0965259-62@dE81@e41@f4
    
    超限战与反超限战:中国人提出的新战争观美国人如何应对/乔良,王湘穗著.-武汉:长江文艺出版社,2016
    62,271;191页;23cm
    
    
    ISBN 978-7-5354-8740-7:CNY45.00
    本书分两部分。第一部分立足已经发生的战争,提出了“超限战”的概念,详细阐述了“超限战”的提出背景、逻辑原理、使用原则以及对未来的意义。第二部分在详细阐述“超限战”的基础上,介绍了如何从网络、资源、经济和金融等方面应对“超限战”。
●
相关链接 在E读中查询图书 在五车中查询图书 在当当中查询图书 在豆瓣中查询图书


正题名:超限战与反超限战     索取号:E81/41         预约/预借

序号 登录号 条形码 馆藏地/架位号 状态 备注
1 0965259   209652598   第一样本阅览室/ [索取号:E81/41] 在馆    
2 0965260   209652605   第一借阅区/ [索取号:E81/41] 在馆    
3 0965261   209652614   第一借阅区/ [索取号:E81/41] 在馆    
4 0965262   209652623   第一借阅区/ [索取号:E81/41] 在馆    
唐山师范学院图书馆 欢迎您!
大连网信软件有限公司© 版权所有